000 01682nam0a2200325 4500
001 RU\NLR\bibl\1135014
005 20260409072833.0
010 _a978-5-9718-0192-4
_9500
021 _aRU
_b2007-57466
_93055
035 _a(NLR Aleph) 001121902
090 _a1303417
_c1303417
100 _a20071002d2007 |||y0rusy50 ca
101 0 _arus
102 _aRU
105 _aa |||||||||
200 1 _aТеория и методика физической культуры
_eучебник для студентов высших учебных заведений по направлению 521900 "Физическая культура" и специальности 022300 - "Физическая культура и спорт"
_f[Ю.Ф. Курамшин, В.И. Григорьев, Н.Е. Латышева и др.]
_gпод ред. проф. Ю.Ф. Курамшина
205 _a[3-е изд., стер.]
210 _aМосква
_cСоветский спорт
_d2007
215 _a463 с.
_cил.
_d24
320 _aБиблиогр.: с. 453-456 (71 назв.)
606 _aФизическая культура и спорт
_xТеория
_jУчебные издания для высших учебных заведений
_3RU\NLR\auth\661129118
_91849073
686 _aЧ511.0я73
701 1 _aКурамшин
_bЮ. Ф.
_gЮрий Федорович
_4070
701 1 _4070
_8rus
_7ca
_aГригорьев
_bВ. И.
_cд-р пед. наук
_gВалерий Иванович
_3RU\NLR\auth\7736731
_919720
701 1 _aЛатышева
_bН. Е.
_4070
801 0 _aRU
_bNLR
_c20071002
_gRCR
801 1 _aRU
_bNLR
_c20071002
942 _cBOOK
980 _aNB